01138cam a22003255i 4500999001700000001001000017003000900027005001700036008004100053020002100094020001800115040004600133082001900179100003300198245007400231264004400305300002900349336002600378337002800404338002700432490002200459500005100481650002100532650001700553650004100570653002100611655002400632942001200656952014400668 c28442d28413010981550EG-ScBUE20200811145034.0020104s2002 nyua f b 001 0 eng d a0415936322 (pbk) a9780415936323 aStDuBDSbengerdacEG-ScBUEdUkdEG-ScBUE04a320.5bFLO22210aFlood, Christopher,eauthor.10aPolitical myth :ba theoretical introduction /cChristopher G. Flood. 1aNew York ;aLondon :bRoutledge,c2002. axii, 309 pages ;c24 cm. atextbtxt2rdacontent aunmediatedbn2rdamedia avolumebnc2rdacarrier0 aTheorists of myth aOriginally published: New York: Garland, 1996. 7aIdeology.2BUEsh 7aMyth.2BUEsh 7aMythologyxPolitical aspects.2BUEsh bCOMAMEcJuly2020 vReading book934232 2ddccBB 00102ddc40708BaccahaMAINbMAINc1STd2020-07-05ePurchasel2m1o320.5 FLOp000049229r2025-01-11 00:00:00s2024-12-22w2020-07-05yBB